000 00734nam a2200241 i 4500
001 92670
003 ES-MaACL
005 20250809070329.0
007 t|
008 050414s1990 fr ||||1| fre d
020 _a2-253-05235-3
080 _a821.111(73)-31"19"
100 1 _aGordon, Noah.
_959162
245 1 3 _aLe médecin d'Ispahan /
_cNoah Gordon ; traduit de l'americain par Dominique Rist et Simone Lamblin.
260 _a[S.l.] :
_bStock,
_c[1990]
300 _a603 p. ;
_c17 cm.
490 1 _aLe Livre de poche ;
_v6728
700 1 _aRist, Dominique.
_997473
700 1 _aLamblin, Simone.
_969829
830 0 3 _aLe livre de poche
_v6728
_9179656
852 _aES-MaACL
_jE-10965
_bR.134790
999 _c92670
_d92670